000 00565nam a22001337a 4500
008 140820b xxu||||| |||| 00| 0 eng d
020 _a0406094934
050 _aKD276.3.L39(1933)
245 _aThe Law Reports(1933) Chancery division: of the incorporated council of law reporting, supreme court of judicature cases determined in the chancery division and in lunacy and on appeal therefrom in the court of appeal. /
_cedited by Pollock, Frederick.
300 _axiii,974p.:
_c24cm.
440 _pChancery division
800 _aPollock, Frederick.
942 _2lcc
_cBK
999 _c3556
_d11056